Explosive welding of metal layered composite materials

Saved in:
Bibliographic Details
Main Authors: Lysak, V.I (Author), Kuzmin, S.V (Author)
Format: Book
Language:English
Published: Kijev : E.O. Paton Electric Welding Institute, 2003
Series:Welding and allied processes
Subjects:
Tags: Add Tag
No Tags, Be the first to tag this record!

MARC

LEADER 00000nam a22000003a 4500
001 stu93881
005 20150617225613.6
008 050511s2003----un------------------eng-d
020 |a 966-95847-5-2 
040 |a STU  |b slo 
041 0 |a eng 
044 |a un 
080 |a 621.791 
100 1 |a Lysak, V.I.  |4 aut 
245 1 |a Explosive welding of metal layered composite materials 
260 |a Kijev :  |b E.O. Paton Electric Welding Institute,  |c 2003 
300 |a 117 s 
650 7 |a zváranie  |2 stusub 
700 1 |a Kuzmin, S.V.  |4 aut 
830 0 |a Welding and allied processes 
996 |b 284M051699  |c M*11654-1  |l MMKN  |s A  |a 24  |w stu93881_0001